| 000 | 01217cam a2200337 i 4500 | ||
|---|---|---|---|
| 001 | 14725229 | ||
| 003 | EG-ScBUE | ||
| 005 | 20230611115804.0 | ||
| 008 | 070206s2015 ua a f b 001 0 eng d | ||
| 020 | _a9789774523387 | ||
| 035 | _a(OCoLC)ocm53170657 | ||
| 040 |
_aWIO _beng _erda _cWIO _dCLU _dDLC _dEG-ScBUE |
||
| 043 | _af-ua--- | ||
| 082 | 0 | 4 |
_222 _a027.0962 _bSER |
| 100 | 1 |
_aSerageldin, Ismail, _d1944- _eauthor. |
|
| 245 | 1 | 0 |
_aBibliotheca Alexandrina : _bantiquities museum / _cIsmail Serageldin. |
| 264 | 1 |
_aAlexandria, Egypt : _bBibliotheca Alexandrina, _c2015. |
|
| 300 |
_axviii, 400 p. : _bcolor illustrations ; _c27 cm |
||
| 336 |
_2rdacontent _atext _btxt |
||
| 337 |
_2rdamedia _aunmediated _bn |
||
| 338 |
_2rdacarrier _avolume _bnc |
||
| 504 | _aIncludes bibliographical references and index. | ||
| 650 | 7 |
_aLibraries _zEgypt _zAlexandria. _2BUEsh |
|
| 650 | 7 |
_aLibrary architecture _zEgypt _zAlexandria. _2BUEsh |
|
| 650 | 7 |
_aLibrary buildings _zEgypt _zAlexandria. _2BUEsh |
|
| 655 | _vReading book | ||
| 906 |
_a7 _bcbc _ccopycat _d3 _encip _f20 _gy-gencatlg |
||
| 942 |
_2ddc _cBB |
||
| 999 |
_c30470 _d30441 |
||